Goa - State Quiz - Statistics

General Stats
  • This quiz has been taken 53 times
  • The average score is 9 of 20
Answer Stats
Hint Answer % Correct
Country that ruled over this state until 1961 Portugal
93%
Largest city, named after a Portuguese explorer Vasco da Gama
89%
Capital Panaji
86%
Official language Konkani
82%
Region separated from it in 1987, now a union territory of India Dadra and Nagar Haveli and Daman and Diu
75%
The sea forming its western coast {Arabian} Sea
73%
Unlike other parts of India, which sport is the most popular in this state? Football
66%
{Water} sports
52%
Mountain range found in the eastern part of the state Western Ghats
48%
Famous waterfall whose name translates to the Sea of Milk {Dudhsagar} Falls
45%
The most important rivers of the state Mandovi
36%
Commercial capital of the state Margão
34%
Zuari
32%
State nickname (hint: fancy word for a direction) Pearl of the {Orient}
30%
Spicy pork curry dish originating from this state, popularised by the British Vindaloo
30%
Patron saint of Goa St Francis Xavier
27%
Goan woman who became the first Asian to win the Miss World contest in 1966 Reita Faria Powell
23%
Name of overland journey undertaken by the hippies from Europe to this state Hippie {Trail}
14%
The state is famous for these kind of activities Tourism
9%
Prime Minister of Portugal of Goan ancestry António Costa
5%
No matching quizzes found
Score Distribution
Percent of People with Each Score
Percentile by Number Answered
Your Score History
You have not taken this quiz